• 首页
  • 本馆介绍
  • 公告通知
  • 最新文献
  • 馆藏检索
  • 电子资源
  • 读者导购
  • 参考咨询
  • 我的图书馆
  • 登录
  • 详细信息显示
  • 放入我的书架
  • 预约/预借图书
  • 作者相关作品
  • 分类相关作品
  • 丛书相关作品
  • 出版社相关作品

书目信息

  • 表格格式
  • 工作单格式
  • 卡片格式
题名:
实验室生物安全教程
    
 
作者: 赵德明 , 吕京 主编
分册:  
出版信息: 北京   中国农业大学出版社  2010.08
页数: 250页
开本: 23cm
丛书名:
单 册:
中图分类: Q-338
科图分类:
主题词: 生物学--sheng wu xue--实验室--安全技术--教材
电子资源:
ISBN: 978-7-5655-0050-3
000 00942nam0 2200253 450
001 2033488461
005 20201122094608.19
010    @a978-7-5655-0050-3@dCNY35.00
100    @a20110110e20192010em y0chiy50 ea
101 0  @achi
102    @aCN@b110000
105    @ay z 000yy
106    @ar
200 1  @a实验室生物安全教程@9shi yan shi sheng wu an quan jiao cheng@f赵德明, 吕京主编
210    @a北京@c中国农业大学出版社@d2010.08@h2019.12
215    @a250页@c图@d23cm
300    @a由国家科技支撑计划“生物安全四级和移动式三级实验室认可关键技术研究”(课题编号:2008BAK42B08)项目资助出版
330    @a本书内容包括:实验室生物安全的理论基础,实验室安全操作规范和操作流程及实验室所用各种生物试剂的处理规范等。
606 0  @a生物学@9sheng wu xue@x实验室@x安全技术@j教材
690    @aQ-338@v5
701  0 @a赵德明@9zhao de ming@4主编
701  0 @a吕京@9lv jing@4主编
801  0 @aCN@bBJSZM@c20201120
905    @b1244512-5@dQ-338@e103@f4
    
    实验室生物安全教程/赵德明, 吕京主编.-北京:中国农业大学出版社,2010.08(2019.12)
    250页:图;23cm
    由国家科技支撑计划“生物安全四级和移动式三级实验室认可关键技术研究”(课题编号:2008BAK42B08)项目资助出版
    
    ISBN 978-7-5655-0050-3:CNY35.00
    本书内容包括:实验室生物安全的理论基础,实验室安全操作规范和操作流程及实验室所用各种生物试剂的处理规范等。
●
相关链接 在E读中查询图书 在五车中查询图书 在当当中查询图书 在豆瓣中查询图书


正题名:实验室生物安全教程     索取号:Q-338/103         预约/预借

序号 登录号 条形码 馆藏地/架位号 状态 备注
1 1244512   212445120   第二样本阅览室/ [索取号:Q-338/103] 在馆    
2 1244513   212445139   第三借阅区/ [索取号:Q-338/103] 在馆    
3 1244514   212445148   第三借阅区/ [索取号:Q-338/103] 在馆    
4 1244515   212445157   第三借阅区/ [索取号:Q-338/103] 在馆    
唐山师范学院图书馆 欢迎您!
大连网信软件有限公司© 版权所有